[Event "Portugal Open 2019"]
[Site "Lisbon"]
[Date "2019.02.06"]
[Round "6.15"]
[White "Sorensen, Hampus"]
[Black "Christiansen, Johan-Sebastian"]
[Result "1/2-1/2"]
[WhiteElo "2289"]
[BlackElo "2559"]
[Annotator "TA"]
[PlyCount "87"]
[EventDate "2019.01.25"]
[EventType "swiss"]
[EventCountry "POR"]
[SourceTitle "playchess.com"]
[Source "ChessBase"]
[SourceQuality "1"]

{[%evp 9,87,-16,25,13,30,11,14,15,19,21,31,10,28,50,50,3,14,14,16,11,17,8,8,0,15,12,33,0,0,0,27,27,24,30,28,7,13,23,31,8,8,-18,12,0,38,4,23,0,7,0,0,-35,0,-17,-16,-16,-19,-27,-19,-31,-29,-45,-15,-22,0,-58,-25,0,104,110,289,252,1102,1072,1065,505,1052,0,643,0]} 1. d4 Nf6 2. c4 $146 ({Predecessor:} 2. Nf3 d5 3. c4 {1-0 (56) Ivanchuk,V (2731)-Beliavsky,A (2659) Panormo 2001}) 2... e6 3. Nf3 d5 4. Bg5 Bb4+ ({Predecessor:} 4... Be7 5. e3 h6 6. Bh4 O-O 7. Nbd2 Nbd7 8. Be2 c5 9. O-O cxd4 10. Nxd4 Ne5 {1-0 (56) Ivanchuk,V (2731)-Beliavsky,A (2659) Panormo 2001}) 5. Nbd2 O-O 6. e3 {D30: Queen's Gambit Declined: Systems without Nc3} Nbd7 7. Bd3 h6 8. Bh4 {The position is equal.} Be7 9. O-O c5 10. Rc1 cxd4 (10... b6 {feels hotter.} 11. cxd5 exd5 12. dxc5 bxc5 13. Re1 Bb7) 11. Nxd4 Ne5 12. Be2 (12. Bb1 {keeps more tension.} Nxc4 13. Nxc4 dxc4 14. Qc2 g6 15. Rfd1) 12... dxc4 ({Predecessor:} 12... Nc6 13. N2f3 Bd7 14. Nxc6 Bxc6 15. Ne5 Qb6 16. Qc2 Rfc8 17. cxd5 Nxd5 18. Bh5 {1-0 (56) Ivanchuk,V (2731)-Beliavsky,A (2659) Panormo 2001}) 13. Nxc4 Nxc4 14. Bxc4 Ne4 15. Bxe7 Qxe7 16. Qc2 Nf6 17. Be2 e5 18. Nb5 Rd8 19. Bf3 e4 20. Be2 Be6 21. Nd4 Bd5 22. a3 Nd7 23. Qc7 Qf6 24. Qg3 Ne5 25. Rc3 g6 26. Rfc1 Kg7 27. h3 a6 28. Rd1 Rd6 29. Rc5 Rad8 30. Rc3 Kh7 31. Rdc1 Nc6 32. Nxc6 Bxc6 33. Qf4 Qe7 34. Bxa6 Rf6 35. Qg3 Rd2 {[%mdl 1024] Black has compensation.} 36. b4 {[%cal Bb2b4,Bb4b5][%mdl 32]} Rf5 37. R3c2 (37. Rc5 $11) 37... Qd7 (37... Qd8 $5 {[%cal Rd2c2]} 38. Be2 h5 $17) 38. Be2 Rg5 (38... Qd8 $1 $11 {keeps the balance.}) 39. Qf4 $36 {[%mdl 2048] [#] Black must now prevent Rxd2. White is on the roll.} Rdd5 $2 (39... Kg7 $16) 40. b5 $18 Qxh3 $2 (40... Rxb5 41. Bxb5 Rxb5) 41. Qxf7+ Kh8 42. Qf8+ Kh7 {[%csl Gg5][%cal Rh3g2] [#]} 43. Qf7+ Kh8 {[%csl Gg5][%cal Rh3g2]} 44. Qf8+ $2 {Accuracy: White = 55%, Black = 39%.} ({Better is} 44. Bf1 $18 Qf5 45. Qxf5 Rgxf5 46. bxc6 bxc6 47. Rxc6) 1/2-1/2

[Event "Portugal Open 2019"]
[Site "Lisbon"]
[Date "2019.02.06"]
[Round "6.16"]
[White "Jakubowski, Krzysztof"]
[Black "Chinguun, Sumiya"]
[Result "1-0"]
[WhiteElo "2514"]
[BlackElo "2286"]
[Annotator "TA"]
[PlyCount "93"]
[EventDate "2019.01.25"]
[EventType "swiss"]
[EventCountry "POR"]
[SourceTitle "playchess.com"]
[Source "ChessBase"]
[SourceQuality "1"]

{[%evp 23,93,62,70,77,69,36,52,44,53,46,65,35,43,40,27,32,118,131,195,33,14,22,26,13,10,34,88,54,91,76,104,97,133,67,75,79,112,116,100,98,170,140,184,118,428,504,848,829,848,848,848,848,848,833,836,823,1634,1579,1410,1443,1276,1157,9890,6115,5539,5539,3108,2915,29991,29992,29993,29994]} 1. Nf3 Nf6 2. g3 g6 3. c4 Bg7 4. Bg2 O-O 5. d4 d6 6. O-O Nbd7 7. Nc3 e5 8. h3 c6 9. b3 Re8 10. e4 exd4 11. Nxd4 Qb6 12. Be3 Nc5 13. Qc2 {E69: King's Indian: Fianchetto: 6...Nbd7 7 0-0 e5 8 e4 c6 9 h3} a5 14. Nde2 (14. Rab1 Nfd7 15. Rfd1 Qc7 16. Re1 Nb6 17. Rbd1 a4 18. f4 axb3 19. axb3 Bd7 20. Bf2 Qc8 {½-½ (47) Teterev,V (2502)-Gladyszev,O (2438) Elets 2014}) 14... Qc7 15. Rad1 {White is slightly better.} Qe7 {[%cal Rf6e4]} 16. f3 Be6 17. Rd2 a4 $146 ({Predecessor:} 17... b6 18. Nf4 Rab8 19. Rfd1 Red8 20. Nxe6 Qxe6 21. f4 {1-0 (50) Chukanov,I (2222)-Trani,F (1820) LSS email 2011}) 18. Rfd1 axb3 19. axb3 b5 (19... Nfd7 $14) 20. Rxd6 $16 Nb7 (20... Nxb3 $16 21. Qxb3 Bxc4) 21. c5 $2 ({White must play} 21. Rxc6 $18 bxc4 22. b4 (22. bxc4 Na5 $16)) 21... Nxd6 $14 22. cxd6 Qd7 23. Kh2 $1 Ra3 {[#] And now ...b4 would win.} (23... c5 $5) 24. Nc1 h5 (24... Qc8 $14) 25. Bc5 {[%mdl 1024] White has strong compensation.} Raa8 26. N3e2 Qc8 27. f4 Bd7 28. Nd4 (28. Bd4 $16) 28... h4 29. gxh4 Nh5 30. Nd3 Qd8 {[#]} 31. Ne2 $1 Qxh4 (31... Bh6 $16) 32. Bf2 $18 Qd8 33. Nc5 ({White should play} 33. Bf3 $18) 33... f6 $2 {[%mdl 8192]} (33... g5 $16 {is a better chance.}) 34. Bf3 Be6 (34... Kh8 $142 35. f5 Bh6 36. fxg6 Ng7 37. Nxd7 Qxd7) 35. d7 Re7 36. Nb7 Qc7 37. d8=Q+ Rxd8 38. Rxd8+ Kh7 39. Bxh5 gxh5 40. e5+ f5 41. Nd4 Bf7 42. Nf3 Bh6 43. Qxf5+ Bg6 44. Ng5+ Bxg5 45. Qxg5 Qxb7 46. f5 {[%csl Gf5][%cal Rg5g6,Bf4f5,Bf5f6][%mdl 32]} Bf7 47. f6 {Precision: White = 52%, Black = 35%.} 1-0

[Event "Portugal Open 2019"]
[Site "Lisbon"]
[Date "2019.02.06"]
[Round "6.17"]
[White "Spraggett, Kevin"]
[Black "Risting, Eivind Olav"]
[Result "1-0"]
[WhiteElo "2513"]
[BlackElo "2282"]
[Annotator "TA"]
[PlyCount "91"]
[EventDate "2019.01.25"]
[EventType "swiss"]
[EventCountry "POR"]
[SourceTitle "playchess.com"]
[Source "ChessBase"]
[SourceQuality "1"]

{[%evp 21,91,50,58,64,64,20,26,26,81,29,49,46,52,69,58,35,49,49,44,41,43,41,68,55,65,58,65,50,51,15,59,53,67,61,81,57,70,62,76,114,403,416,400,312,307,304,272,164,525,523,779,358,347,355,548,550,550,538,514,517,499,487,697,704,677,662,773,759,689,614,956,944]} 1. e4 c5 2. Nf3 d6 3. d4 cxd4 4. Nxd4 Nf6 5. Nc3 Nc6 6. Bg5 e6 7. Qd2 Be7 8. O-O-O Nxd4 9. Qxd4 a6 10. f4 b5 11. Bxf6 $146 ({Predecessor:} 11. Be2 Bb7 12. Bf3 Qc7 13. Bxf6 gxf6 14. Kb1 Qc5 {1-0 (35) Fressinet,L (2654)-Stefansson,H (2567) Selfoss 2003}) 11... gxf6 12. Kb1 {B66: Sicilian: Richter-Rauzer: 7...a6 8 0-0-0 h6} Qc7 13. Be2 (13. f5 $5) 13... Qc5 14. Qd3 {White has an edge.} Bb7 (14... Rb8 $11) 15. Bf3 ({White should try} 15. Rhe1 $16) 15... O-O ({Predecessor:} 15... O-O-O 16. f5 Kb8 17. Rhe1 h5 18. fxe6 fxe6 19. a4 bxa4 20. Nxa4 {1-0 (35) Fressinet,L (2654)-Stefansson,H (2567) Selfoss 2003}) 16. f5 b4 17. Ne2 {[%cal Bc3e2,Be2g3,Bg3f1,Bf1e3][%mdl 32]} e5 $1 18. c4 a5 19. Ng3 Rac8 20. Rc1 h6 21. Rhd1 Kh7 22. Nf1 Qa7 23. Ne3 Rg8 24. h3 Kg7 25. Ka1 Qc5 26. Qe2 Rh8 27. Rd3 Qa7 28. Qe1 Qa8 29. Qh4 Kf8 {[#]} 30. Rxd6 $1 {[%mdl 576] Deflection, Decoy} Bxd6 $4 {[%mdl 8192]} (30... a4 $16 31. Rd3 Qa6) 31. Qxf6 $18 {[%mdl 64] Double Attack} Kg8 {Hoping for ...Rc6.} 32. Qxd6 Qb8 33. Qf6 Rc6 34. Qh4 {And now Rd1 would win.} Qa7 $2 (34... Kh7 35. Rd1 Qc7) 35. Nd5 Qc5 36. Qg3+ (36. Qd8+ $142 Kh7 37. Qd7 {[%mdl 64] Double Attack}) 36... Kh7 37. Qxe5 {[#] Black must now prevent Nf6+.} Qd6 (37... Rd8 {keeps fighting.} 38. f6 Bc8) 38. Qxd6 {White is clearly winning.} Rxd6 39. e5 Rc6 40. Nf6+ Rxf6 41. exf6 Bxf3 (41... Bc8 $142 42. g4 h5) 42. gxf3 {KR-KR} Rc8 43. c5 Rc6 44. b3 h5 45. Kb2 Kh6 46. h4 {Accuracy: White = 51%, Black = 44%.} 1-0

[Event "Portugal Open 2019"]
[Site "Lisbon"]
[Date "2019.02.06"]
[Round "6.18"]
[White "Galego, Luis"]
[Black "Pacan-Milej, Kosma"]
[Result "1-0"]
[WhiteElo "2508"]
[BlackElo "2273"]
[Annotator "TA"]
[PlyCount "95"]
[EventDate "2019.01.25"]
[EventType "swiss"]
[EventCountry "POR"]
[SourceTitle "playchess.com"]
[Source "ChessBase"]
[SourceQuality "1"]

{[%evp 12,95,21,16,20,20,21,27,21,14,12,9,16,6,37,31,56,21,61,64,59,56,52,2,-5,0,54,35,72,37,45,49,61,53,52,42,43,35,90,96,79,102,93,94,145,111,106,120,137,135,130,139,143,135,156,153,162,133,169,167,158,120,120,125,129,120,166,166,166,166,166,166,156,147,264,261,321,314,292,198,402,402,399,383,422,392]} 1. e4 c5 2. Nf3 d6 3. c3 $146 ({Predecessor:} 3. Bb5+ Nd7 4. c3 {½-½ (35) David,A (2567)-Papaioannou,I (2637) Achaia 2017}) 3... Nf6 4. Bb5+ Nbd7 5. Qe2 a6 6. Ba4 b5 ({Predecessor:} 6... g6 7. O-O b5 8. Bc2 Bg7 9. d4 {½-½ (35) David,A (2567)-Papaioannou,I (2637) Achaia 2017}) 7. Bc2 Bb7 {B51: Sicilian: Moscow Variation (3 Bb5+) without 3...Bd7} 8. O-O g6 9. d4 Bg7 {White has an edge.} 10. Rd1 cxd4 11. cxd4 O-O 12. a4 Qc7 13. Bd3 e5 14. dxe5 ({Predecessor:} 14. axb5 axb5 15. Rxa8 Bxa8 16. dxe5 dxe5 {½-½ (35) David,A (2567)-Papaioannou,I (2637) Achaia 2017}) 14... Nxe5 15. Nxe5 dxe5 16. Bg5 Rfd8 17. Nd2 h6 18. Be3 {[#]} Bf8 (18... Ng4 $1 $11 {[%mdl 512]}) 19. axb5 $14 axb5 20. Rac1 Qa5 21. f3 Qb4 22. Bxb5 Qxb2 23. Rc7 $36 {[%mdl 2048] Black is under pressure.} Bc8 $1 24. Bc4 Be6 (24... Bd7 $1 $14) 25. Bxe6 $16 fxe6 26. Qc4 Qa2 27. Rc1 Ra4 (27... Ne8 $142 28. Rc6 Nd6) 28. Qxa2 {[%mdl 64] [#] Overworked Piece} Rxa2 29. Nc4 Nh5 30. Nxe5 Bd6 31. Rc8 Rxc8 32. Rxc8+ Kh7 33. Ng4 Ra1+ 34. Kf2 {Strongly threatening g3.} Ra2+ 35. Kf1 Ra1+ 36. Rc1 Rxc1+ 37. Bxc1 {[%mdl 4096] Endgame KBN-KBN} g5 38. Ke2 Kg6 39. g3 Ng7 40. Bb2 Ne8 41. Ne5+ Kh7 42. Kd3 Bc5 (42... Kg7 $16 {was necessary.} 43. Nc4+ Kg6) 43. Bd4 $18 Bb4 44. Nc6 Bd6 45. Be5 Bc5 $2 (45... Kg6 {is a better defense.} 46. Ba1 Kf7) 46. Nd8 Bg1 47. h3 Bh2 48. Nxe6 {Accuracy: White = 66%, Black = 53%.} 1-0

[Event "Portugal Open 2019"]
[Site "Lisbon"]
[Date "2019.02.06"]
[Round "6.19"]
[White "Bubalovic, Davorin"]
[Black "Dvirnyy, Danyyil"]
[Result "0-1"]
[WhiteElo "2249"]
[BlackElo "2487"]
[Annotator "TA"]
[PlyCount "98"]
[EventDate "2019.01.25"]
[EventType "swiss"]
[EventCountry "POR"]
[SourceTitle "playchess.com"]
[Source "ChessBase"]
[SourceQuality "1"]

{[%evp 14,98,10,0,24,0,0,-15,-10,-17,0,0,39,14,11,17,9,18,9,13,22,11,14,0,0,-9,8,0,26,0,0,0,6,0,118,0,0,16,0,-20,0,0,-2,0,0,0,-6,-6,-13,-23,0,-2,0,-15,0,-69,-42,-89,-99,-100,-89,-118,-111,-252,-252,-253,-252,-225,-188,-204,0,-208,-133,-131,-115,-193,-193,-185,-149,-156,-154,-29963,-29970,-29965,-29965,-29974,-29977]} 1. e4 c5 2. Nf3 d6 3. d4 cxd4 4. Nxd4 Nf6 5. Nc3 a6 6. Bg5 Nbd7 7. Qd2 e6 8. f3 Qc7 {B95: Sicilian Najdorf: 6 Bg5 e6, unusual White 7th moves} (8... h6 $5 {[%cal Rh6g5]} 9. Be3 Be7 $11) (8... h6 9. Be3 h5 10. a4 Qc7 11. a5 Be7 12. Qf2 O-O 13. Nb3 Rb8 14. Ba7 Ra8 15. O-O-O Qc6 16. Nd4 {0-1 (28) Savchenko,B (2550)-Cheparinov,I (2693) Batumi 2018}) 9. a4 Be7 10. a5 $146 ({Predecessor:} 10. Nb3 b6 11. g3 Bb7 12. Bg2 Ne5 13. Nd1 Rc8 14. Nd4 Nc4 15. Qd3 d5 16. exd5 {0-1 (51) Kristovic,M (2328)-Stocko,J (2187) Bosnjaci 2011}) 10... O-O {The position is equal.} 11. Be2 Re8 12. O-O Bf8 13. Kh1 d5 14. exd5 Nxd5 15. Nxd5 exd5 16. Bf4 Ne5 17. Rfe1 Bd6 18. Bd3 Bd7 19. Bg3 h5 20. Bf5 Nc4 21. Bxd6 Qxd6 22. Qg5 Re5 23. f4 Rxe1+ 24. Rxe1 {And now Bxd7 would win.} Re8 $1 {[%cal Re8e1]} 25. Rxe8+ Bxe8 26. c3 ({Of course not} 26. Qxh5 Qxf4 27. Qh7+ Kf8 $17) 26... Nxa5 27. Bd3 g6 28. f5 Nc6 29. fxg6 fxg6 $40 {[%mdl 128] White needs to defend precisely.} 30. Nxc6 Qxc6 31. Qe5 a5 (31... Bf7 {seems wilder.} 32. Qd4 Qe6 33. h4 Be8 34. Kg1 Bc6) 32. Kg1 Bf7 33. Kf1 Qb6 34. Qe2 ({White should try} 34. h4 $11) 34... Qd6 35. g3 d4 {aiming for ...Qf6+.} 36. cxd4 Qxd4 37. Ke1 Kg7 38. Kd1 {[#]} (38. Bb5 $17 {keeps fighting.}) 38... b5 $1 $19 {[%cal Bb7b5,Bb5b4][%mdl 32]} 39. Kc1 b4 40. Bc2 Qc5 {...b3 is the strong threat.} 41. Kd2 Qd4+ 42. Kc1 h4 43. gxh4 Qf4+ 44. Kd1 (44. Kb1 $17 {might work better.}) 44... Qxh4 45. Qd2 Be6 46. Kc1 Qc4 47. Qg5 $2 {[#]} (47. b3 $17 Qc5 48. Kb1) 47... Bf5 $1 {[%csl Gf5][%cal Rc4c2] Black mates.} 48. Qe7+ Kh6 {[%csl Gf5][%cal Rc4c2]} 49. Qe3+ g5 {Accuracy: White = 36%, Black = 55%.} 0-1

[Event "Portugal Open 2019"]
[Site "Lisbon"]
[Date "2019.02.06"]
[Round "6.20"]
[White "Hernandez Munoz, Antonio Ramon"]
[Black "Bilguun, Sumiya"]
[Result "0-1"]
[WhiteElo "2249"]
[BlackElo "2471"]
[Annotator "TA"]
[PlyCount "139"]
[EventDate "2019.01.25"]
[EventType "swiss"]
[EventCountry "POR"]
[SourceTitle "playchess.com"]
[Source "ChessBase"]
[SourceQuality "1"]

{[%evp 12,139,22,20,61,70,79,88,86,70,68,54,56,28,30,25,28,2,1,0,0,0,12,-74,-92,-67,-73,-66,-58,-164,-65,-49,-48,-30,-39,-37,-31,-47,-34,-47,0,-9,0,0,9,0,10,0,0,0,0,0,0,0,0,0,0,0,0,0,16,-10,-7,-7,0,0,0,-40,-45,-58,-56,-62,-60,-73,-67,-67,-67,-104,-110,-144,-34,-34,-41,-41,-41,-67,-67,-67,-8,-329,-67,-67,-67,-72,-72,-550,-545,-538,-508,-463,-325,-437,-418,-561,-508,-430,-430,-711,-701,-703,-680,-995,-430,-1441,-1441,-1577,-1235,-29968,-29969,-29969,-29970,-29969,-29970,-29969,-29970,-29974,-5632,-29978,-29979,-29979]} 1. d4 ({Predecessor:} 1. Nf3 d5 2. d4 Nf6 3. c4 e6 {1-0 (39) Rodgaard,J (2366)-Van Hoolandt,P (2194) Monaco 2013}) 1... Nf6 2. c4 e6 3. g3 d5 4. Nf3 $146 (4. Bg2 dxc4 {0-1 (66) Ding,L (2777)-Wang,H (2709) Huaian 2017}) 4... dxc4 5. Bg2 Bb4+ 6. Bd2 a5 7. O-O Bxd2 {E04: Open Catalan: 5 Nf3} (7... O-O 8. Bg5 h6 9. Bxf6 Qxf6 10. a3 Bd6 11. Nc3 Nc6 12. Rc1 e5 13. d5 Nd4 14. Nxd4 exd4 15. Ne4 {0-1 (66) Ding,L (2777)-Wang,H (2709) Huaian 2017}) 8. Qxd2 c6 9. Ne5 O-O {White is better.} ({Predecessor:} 9... b5 10. Nxc6 Qc7 11. Qg5 O-O 12. Ne7+ Qxe7 13. Bxa8 Ba6 14. Rd1 Nbd7 15. Bf3 {1-0 (39) Rodgaard,J (2366)-Van Hoolandt,P (2194) Monaco 2013}) 10. a4 Na6 11. Nxc4 Nb4 12. Nc3 b6 13. Rfd1 Ba6 14. Ne5 Rc8 15. e4 Qe7 16. f4 Rfd8 17. Re1 (17. Na2 $11) 17... Nd7 $17 {Threatens to win with ...Nxe5.} 18. Nf3 {[#]} Nc5 $1 {[%mdl 512]} 19. Ra3 (19. dxc5 Rxd2) 19... Ncd3 20. Re3 {[#]} (20. Re2 $15) 20... e5 (20... c5 $1 $19 {[%cal Rc5d4]} 21. Nb5 Bxb5 22. axb5 cxd4 23. Rexd3 Rc2) 21. fxe5 $15 {[#]} Nxe5 $1 {[%mdl 512]} 22. Nxe5 (22. dxe5 Rxd2) 22... Qxe5 23. Nd5 $1 Qd6 24. e5 Qf8 25. Nf4 Bc4 (25... Qc5 $5 26. Re4 Qc2 27. Qxc2 Nxc2 $17) 26. Rac3 Bd5 27. e6 Bxe6 28. Nxe6 fxe6 29. Rxe6 Qf5 30. Rce3 Qb1+ 31. Re1 Qd3 32. Qxd3 Nxd3 33. R1e2 Nb4 34. R2e4 Nc2 35. Rf4 Rxd4 36. Be4 Rd1+ 37. Kg2 Ne3+ 38. Kh3 Nd5 39. Bxd5 (39. Rf5 {looks sharper.} Nb4 40. Re7 Rd4 41. Rff7 Rxe4 42. Rxg7+ Kf8 43. Rgf7+) 39... Rxd5 $11 {[%mdl 4096] Endgame KRR-KRR} 40. Rc4 Rh5+ 41. Kg2 b5 42. Rcxc6 Rxc6 43. Rxc6 bxa4 $15 {KR-KR} 44. Ra6 Rb5 45. Kf3 h5 (45... Rxb2 $17 {Strongly threatening ...Rb3+.} 46. Rxa5 Ra2) 46. h4 Kf7 47. Kf4 g6 48. Ke4 Kg7 49. Kf4 Rb4+ (49... Rxb2 $15 50. Rxa5 Rb4+ 51. Ke5 Kf7) 50. Kf3 $2 {[%mdl 8192]} (50. Ke5 $11 {and White stays safe.}) 50... Rb3+ $2 ({Better is} 50... Rxb2 $19 {White must now prevent ...Rb5.} 51. Rxa5 Rb4) 51. Kf4 $1 Rxb2 {aiming for ...Rb4+.} 52. Rxa5 {[#]} Rb4+ $1 53. Kf3 $2 {[%mdl 8192]} (53. Ke5 $17 {was the crucial defense.}) 53... Rg4 $19 54. Re5 Kf6 55. Re8 Rb4 56. Ra8 Ke7 57. Ra6 Rg4 58. Rc6 Kd7 59. Rc5 (59. Rc3 $142 Kd6 60. Ke2) 59... Kd6 60. Rc8 Kd5 61. Rc7 Rb4 (61... Rc4 $142 62. Ra7 Kc5) 62. Rc8 (62. Ke2 $142) 62... Kd4 63. Kf4 Kd3+ 64. Kf3 a3 {[%cal Ba4a3,Ba3a2][%mdl 32]} 65. Ra8 Rb3 66. g4 Kc2+ 67. Kf4 Rb4+ 68. Ke5 Kb2 69. g5 a2 70. Kf6 {Accuracy: White = 36%, Black = 61%.} 0-1

[Event "Portugal Open 2019"]
[Site "Lisbon"]
[Date "2019.02.06"]
[Round "6.21"]
[White "Miezis, Normunds"]
[Black "Garcia Dorado, Alberto"]
[Result "1-0"]
[WhiteElo "2467"]
[BlackElo "2223"]
[Annotator "TA"]
[PlyCount "120"]
[EventDate "2019.01.25"]
[EventType "swiss"]
[EventCountry "POR"]
[SourceTitle "playchess.com"]
[Source "ChessBase"]
[SourceQuality "1"]

{[%evp 9,120,-14,-10,-10,-8,-18,0,0,-2,-8,-15,-29,-27,-30,-22,-45,-45,-35,-33,-52,-39,-86,-77,-91,-29,-47,-25,-10,14,-44,-42,-58,-31,-41,-30,-54,-33,-39,-36,-57,-16,-20,0,0,0,-44,0,-26,0,-22,-7,-14,0,0,4,-14,29,19,40,44,76,52,52,31,47,45,32,49,123,106,136,45,49,60,163,165,264,276,394,387,537,531,574,565,553,561,549,559,554,425,613,610,970,823,1790,1590,1910,1901,1291,1572,2395,2357,2116,1806,1857,1661,1405,1176,2017,2018,1787,1550,1438]} 1. c4 e5 2. Nc3 Bb4 3. g3 Bxc3 4. dxc3 d6 5. Bg2 ({Predecessor:} 5. e4 Be6 6. Nf3 h6 7. Qe2 Nc6 8. Bg2 Qd7 9. h3 {½-½ (48) Miezis,N (2527)-Medvegy,Z (2518) Liverpool 2006}) 5... Nc6 6. e4 $146 {A21: English Opening: 1...e5 2 Nc3} (6. c5 Nf6 7. cxd6 cxd6 8. e4 Be6 9. Bg5 O-O 10. Nf3 Bc4 11. Nd2 Be6 12. Qf3 Bg4 13. Qxg4 Nxg4 14. Bxd8 Rfxd8 {½-½ (27) Granda Zuniga,J (2688)-Grigoryan,K (2612) Atarrabia 2016}) 6... Be6 7. Qe2 Qd7 8. h3 {The position is equal.} Nge7 9. Nf3 h6 10. Nd2 O-O 11. b3 a6 12. Bb2 f5 13. exf5 Bxf5 14. Ne4 Rf7 15. O-O-O Raf8 16. Rd2 Kh8 (16... Qc8 $17) 17. Ba3 Qe6 18. Kb2 Rb8 19. h4 (19. Nxd6 $11 cxd6 20. Bd5) 19... Rff8 $15 20. Rhd1 Qf7 21. Ka1 a5 {[%cal Ba6a5,Ba5a4][%mdl 32]} 22. Bc1 {[#]} a4 $1 {[%mdl 512] And now ...axb3 would win.} 23. b4 $1 (23. bxa4 Be6) 23... Be6 24. Bf1 b6 25. Re1 Qg6 26. Qd1 Qf7 27. Qe2 $1 Qg6 28. Qd3 Qf7 29. Rdd1 Rbd8 30. Qe2 Qg6 31. h5 Qg4 32. Rd2 Qxe2 33. Bxe2 Bf5 34. f3 Rf7 35. Bd1 Be6 36. c5 $1 {[%cal Rc5b6]} bxc5 37. bxc5 d5 38. Nf2 d4 ({Better is} 38... Bf5 $14) 39. cxd4 $16 Nxd4 {[#]} 40. Rxe5 ({White should play} 40. Nd3 $1 $16) 40... Nec6 $14 41. Re3 Rfd7 (41... Rf5 $14) 42. Bxa4 $18 {Black must now prevent Rxe6!} Bf7 {[#]} (42... Bg8 $142 43. Red3 Rd5) 43. Red3 $1 Rd5 (43... Nb4 {was worth a try.} 44. Bxd7 Rxd7) 44. Bb2 Nxf3 45. Rxf3 {White is clearly winning.} Rxd2 46. Rxf7 {[%mdl 64] Double Attack} Nd4 47. Bc3 Re2 {Black hopes to continue with ...Ra8.} 48. Bd1 Ree8 49. Kb2 Kg8 (49... Nb5 $142 50. Bc2 Re2) 50. Rxc7 Rf8 51. Ne4 Kh8 52. Bb3 Rfe8 53. Bxd4 Rxd4 54. Nd6 Rf8 55. Nf7+ Kh7 56. c6 Rd2+ 57. Bc2+ Kg8 58. Kc3 Rg2 59. Bb3 Rxg3+ 60. Kb4 Rh3 {Accuracy: White = 54%, Black = 34%.} 1-0

[Event "Portugal Open 2019"]
[Site "Lisbon"]
[Date "2019.02.06"]
[Round "6.22"]
[White "Damaso, Rui"]
[Black "Rego, Pedro Filipe"]
[Result "1/2-1/2"]
[WhiteElo "2439"]
[BlackElo "2228"]
[Annotator "TA"]
[PlyCount "31"]
[EventDate "2019.01.25"]
[EventType "swiss"]
[EventCountry "POR"]
[SourceTitle "playchess.com"]
[Source "ChessBase"]
[SourceQuality "1"]

{[%evp 11,31,-8,18,0,7,0,0,0,0,0,21,15,21,4,5,12,5,0,29,-38,0,-7]} 1. Nf3 Nf6 2. g3 d5 3. Bg2 e6 4. O-O Be7 5. d3 O-O 6. Nbd2 Nc6 7. c3 {A07: Réti Opening: New York and Capablanca Systems} (7. d4 Ne4 8. c4 f5 9. e3 a5 10. Qc2 b6 11. a3 Bb7 12. b3 Bf6 13. Bb2 Ne7 14. b4 Qd7 {1-0 (43) Artemiev,V (2709)-Firouzja,A (2607) St Petersburg 2018}) 7... a5 8. e4 dxe4 9. dxe4 e5 10. Nc4 Nxe4 11. Nfxe5 $146 ({Predecessor:} 11. Ncxe5 Qxd1 12. Rxd1 Bc5 13. Nxc6 Bxf2+ 14. Kf1 bxc6 15. Ne5 f5 16. c4 c5 17. Nf3 {½-½ (47) Valizadeh,A (2267)-Mousavi,S (2432) Urmia 2016}) 11... Nxe5 12. Nxe5 Qxd1 13. Rxd1 Nd6 14. Bf4 a4 15. Bd5 ({White should play} 15. Nd3 $11) 15... Bf6 (15... g5 $5 {[%cal Rg5f4]} 16. Be3 Bf6 $11) 16. Nc4 {Accuracy: White = 15%, Black = 44%.} 1/2-1/2